000 00580nam a22001697a 4500
001 1
003 1
005 20220708155640.0
008 220708b xxu||||| |||| 00| 0 eng d
050 _aLB2838.8
_b.D34 2005
100 _aDahlgren,Rick
245 _aTime to teach:
_bencouragement,empowerment, and excellence in every classroom/
_cRick Dahlgren &Judy Hyatt.
260 _aUnited States of America:
_bThe Center For Teacher Effectiveness
_cc2005.
300 _a150pp.
_c23 cm.
_eIncludes bibliographic refernces.
500 _aTeaching- Juvenile literature.
942 _2lcc
_cBK
999 _c364737
_d364737